000 00919nam a2200313 a 4500
005 20200104041536.0
008 140121b2002 ck ||||| |||| 00| 0 spa d
020 _a9588151082
041 _aspa
044 _ack
090 _aIAvH
_b00223
100 _aRenjifo M., Luis Miguel
_94281
245 _aLibro rojo de aves de Colombia
260 _aBogotá
_bInstituto Alexander von Humboldt
_bMinambiente
_c2002
300 _a562 p.
650 _aFauna amenazada
_91355
650 _aAves
_91356
650 _aConservación de biodiversidad
_9345
650 _aEspecies amenazadas
_9157
650 _aListas rojas UICN
_91359
650 _aExtinción
_91360
650 _aAvifauna
_91300
662 _aColombia
700 _aFranco Amaya, Ana María
_94186
700 _aAmaya Espinel, Juan David
_9258
700 _aKattan, Gustavo H.
_94374
700 _aLópez Lanús, Bernabé
_94628
942 _cCD-ROM
_04
_2z
999 _c2903
_d2903